| 000 | 00602nam a2200193Ia 4500 | ||
|---|---|---|---|
| 008 | 151119s9999||||xx |||||||||||||| ||und|| | ||
| 082 | _a891.464 | ||
| 082 | _bGKKV14751 | ||
| 100 | _aसुब्रमण्यम चित्रा | ||
| 245 | _aभारत विकणे आहे | ||
| 260 | _a-- | ||
| 260 | _b-- | ||
| 260 | _c0 | ||
| 600 | _aसुब्रमण्यम चित्रा | ||
| 630 | _aभारत विकणे आहे | ||
| 700 | _aसुब्रमण्यम चित्रा | ||
| 730 | _aभारत विकणे आहे | ||
| 942 | _cBOOK | ||
| 999 |
_c1068241 _d1068238 |
||